LEADER 01027nam a2200253 i 4500 001 000000170231 003 CaOOAMICUS 005 20240408135613.0 008 080317s1929 it u000 u ita u 013 $a147639 040 $aSeMil$bita 100 1 $aTurgenev, Ivan Sergeevic <1818-1883>.$0(OLS)http://semarc/name/90314 245 10$aAnna /$cIvan Turghenief ; Traduzione di Marussia Grigorieva e Mario Visetti. 260 $aMilano :$bEdizioni Delta,$c1929. 300 $a253 p. ;$c17 cm. 490 0 $aScrittori italiani e stranieri ;$v29. 700 1 $aGrigorieva, Marussia.$0(OLS)http://semarc/name/63722 700 1 $aVisetti, Mario.$0(OLS)http://semarc/name/16321 830 0$aScrittori italiani e stranieri ;$v29.$0(OLS)http://semarc/title/2727 850 $aSeMil 852 $aSeMil$W1$xVenegono$y1$m1V III 34$j121122$B121122$CSeMilBibl$Z2$F132485 $81 996 $6245$aAnna$9(OLS)http://semarc/title/243455 996 $6260$aMilano :$bEdizioni Delta$9(OLS)http://semarc/publisher/35076 LEADER 00967nam a2200253 4500 001 000000350135 003 CaOOAMICUS 005 20220429114156.0 008 220429s2018 sp 000 u spa r 020 $a978-84-9073-408-7 040 $aSeMil$bita 100 1 $aSicre Diaz, José Louis,$d<1940- >.$0(OLS)http://semarc/name/115490 245 10$aJueces /$cJosé Luis Sicre. 264 1$aEstella :$bEVD,$c2018. 300 $a607 p. ;$c24 cm 650 4$aBibbia. Antico testamento. Giudici - Commentari, studi, critica, interpretazioni.$0(OLS)http://semarc/subject/8800 850 $aSeMil 852 $aSeMil$W1$xVenegono$y1$m2Y V 73$j234987$B241140$CSeMilBibl$Z2$F241140 $81 900 1 $aSicre, José Luis. 996 $6020$a978-84-9073-408-7$9(OLS)http://semarc/number/295776 996 $6245$aJueces$9(OLS)http://semarc/title/439811 996 $6264$aEstella :$bEVD$9(OLS)http://semarc/publisher/60201